00768nam a22002297a 4500003000400000005001700004008004100021020003000062040003100092050001300123100003900136245005800175250002300233260005100256300004900307336002400356337002800380338002500408504005100433650001600484700003800500OSt20250429121908.0250128b |||||||| |||| 00| 0 eng d a9781265051303 (paperback) aNUSTbengcNUSTdNUSTerda aHD31 BAT aBateman, Thomas S., authoreAuthor aManagement /cThomas S. Bateman and Robert Konopaske aFifteenth edition. aNew York. NY :b McGraw-Hill Education,c2023. axxviii, 608 pages :bIllustrations ;c28 cm. 2rdamediaatextbtxt 2rdamediaaunmediatedbn 2rdamediaavolumebnc aIncludes bibliographical references and index. vManagement. aKonopaske, Robert, authoreAuthor